Testing of digital systems (Record no. 59665)

MARC details
000 -LEADER
fixed length control field 00897nam a2200217 a 4500
008 - FIXED-LENGTH DATA ELEMENTS--GENERAL INFORMATION
fixed length control field 120416s2003 ||||||||||||||||| || u
020 ## - INTERNATIONAL STANDARD BOOK NUMBER
International Standard Book Number 0521773563
050 ## - LIBRARY OF CONGRESS CALL NUMBER
Classification number TK 7868.D5 Jha
100 ## - MAIN ENTRY--PERSONAL NAME
Personal name Gupta, S. (Sandeep), 1962-
245 10 - TITLE STATEMENT
Title Testing of digital systems
260 ## - PUBLICATION, DISTRIBUTION, ETC.
Place of publication, distribution, etc. Cambridge:
Name of publisher, distributor, etc. Cambridge University Press
Date of publication, distribution, etc. 2003
300 ## - PHYSICAL DESCRIPTION
Extent xvi, 1000p.: ill.
350 ## - PRICE (NR) (BK AM CF MU VM SE) [OBSOLETE]
Price 0.00
500 ## - GENERAL NOTE
General note Includes bibliographical references and index.
650 ## - SUBJECT ADDED ENTRY--TOPICAL TERM
Topical term or geographic name entry element DIGITAL INTEGRATED CIRCUITS--TESTING
700 ## - ADDED ENTRY--PERSONAL NAME
Personal name Jha, Niraj K
856 ## - ELECTRONIC LOCATION AND ACCESS
Uniform Resource Identifier <a href="http://www.loc.gov/catdir/samples/cam041/2003277476.html">http://www.loc.gov/catdir/samples/cam041/2003277476.html</a>
856 ## - ELECTRONIC LOCATION AND ACCESS
Uniform Resource Identifier <a href="http://www.loc.gov/catdir/description/cam041/2003277476.html">http://www.loc.gov/catdir/description/cam041/2003277476.html</a>
856 ## - ELECTRONIC LOCATION AND ACCESS
Uniform Resource Identifier <a href="http://www.loc.gov/catdir/toc/cam041/2003277476.html">http://www.loc.gov/catdir/toc/cam041/2003277476.html</a>
995 ## - RECOMMENDATION 995 [LOCAL, UNIMARC FRANCE]
-- 0.00
-- CBU-MAIN LIBRARY (Kitwe)
-- 1
-- 41.90
-- 1
-- AVAILABLE
-- Main Library Open Access Collection
Holdings
Withdrawn status Lost status Source of classification or shelving scheme Damaged status Not for loan Home library Current library Shelving location Date acquired Total Checkouts Full call number Barcode Date last seen Price effective from Koha item type
          CBU-MAIN LIBRARY, KITWE. CBU-MAIN LIBRARY, KITWE.   11/30/2022   TK 7868.D5 Jha 40397 11/30/2022 11/30/2022 MONOGRAPH